书目信息 |
| 题名: |
概率论与数理统计
|
|
| 作者: | 杨永愉 , 李志强 编 | |
| 分册: | ||
| 出版信息: | 北京 化学工业出版社 2008.03 |
|
| 页数: | 261页 | |
| 开本: | 24cm | |
| 丛书名: | ||
| 单 册: | ||
| 中图分类: | O21 | |
| 科图分类: | ||
| 主题词: | 概率论--gai lu lun--数理统计 | |
| 电子资源: | ||
| ISBN: | 978-7-122-02123-6 | |
| 000 | 00891nam0 2200253 450 | |
| 001 | 012008994852 | |
| 005 | 20080419105817.78 | |
| 010 | @a978-7-122-02123-6@dCNY24.00 | |
| 100 | @a20080419d2008 em y0chiy0120 ea | |
| 101 | 0 | @achi |
| 102 | @aCN@b110000 | |
| 105 | @aak z 000yy | |
| 106 | @ar | |
| 200 | 1 | @a概率论与数理统计@Agai lu lun yu shu li tong ji@f杨永愉, 李志强编@Fyang yong yu,li zhi qiang bian |
| 210 | @a北京@c化学工业出版社@d2008.03 | |
| 215 | @a261页@c图@d24cm | |
| 300 | @a高等学校教材 | |
| 330 | @a本书系统介绍了概率论与数理统计的基本概念、基本理论和基本方法。为了丰富工科数学的教学内容,使学生对近代统计学有所了解,本书增加看贝叶斯统计、逐步回归等内容。 | |
| 606 | 0 | @a概率论@Agai lu lun@x数理统计 |
| 690 | @aO21@v4 | |
| 701 | 0 | @a杨永愉@Ayang yong yu@4编 |
| 701 | 0 | @a李志强@Ali zhi qiang@4编 |
| 801 | 0 | @aCN@bQSSK@c20080419 |
| 905 | @b293466-68@dO21@eY328@f3 | |
| 概率论与数理统计/杨永愉, 李志强编.-北京:化学工业出版社,2008.03 |
| 261页:图;24cm |
| 高等学校教材 |
| ISBN 978-7-122-02123-6:CNY24.00 |
| 本书系统介绍了概率论与数理统计的基本概念、基本理论和基本方法。为了丰富工科数学的教学内容,使学生对近代统计学有所了解,本书增加看贝叶斯统计、逐步回归等内容。 |
| ● |
| 相关链接 |
|
|
|
正题名:概率论与数理统计
索取号:O21/Y328
 
预约/预借
| 序号 | 登录号 | 条形码 | 馆藏地/架位号 | 状态 | 备注 |
| 1 | 293466 | 202934664 | 自科库401/401自科库 46排7列4层/ [索取号:O21/Y328] | 在馆 | |
| 2 | 293467 | 202934673 | 自科库401/401自科库 46排7列4层/ [索取号:O21/Y328] | 在馆 | |
| 3 | 293468 | 202934682 | 自科库401/401自科库 46排7列4层/ [索取号:O21/Y328] | 在馆 |